<?xml version="1.0" encoding="UTF-8"?>
<record
    xmlns:xsi="http://www.w3.org/2001/XMLSchema-instance"
    xsi:schemaLocation="http://www.loc.gov/MARC21/slim http://www.loc.gov/standards/marcxml/schema/MARC21slim.xsd"
    xmlns="http://www.loc.gov/MARC21/slim">

  <leader>01378    a2200277   4500</leader>
  <controlfield tag="003">NALT</controlfield>
  <controlfield tag="005">20240924154039.0</controlfield>
  <controlfield tag="008">220426b        th ||||| |||| 00| 0 tha d</controlfield>
  <datafield tag="020" ind1=" " ind2=" ">
    <subfield code="a">9786168221785</subfield>
  </datafield>
  <datafield tag="040" ind1=" " ind2=" ">
    <subfield code="a">NALT</subfield>
  </datafield>
  <datafield tag="041" ind1="1" ind2=" ">
    <subfield code="a">tha</subfield>
    <subfield code="h">eng</subfield>
  </datafield>
  <datafield tag="050" ind1=" " ind2=" ">
    <subfield code="a">QA 276.12</subfield>
    <subfield code="b">&#xE0A;161&#xE14; 2564</subfield>
  </datafield>
  <datafield tag="100" ind1="1" ind2=" ">
    <subfield code="a">&#xE0A;&#xE1B;&#xE35;&#xE40;&#xE01;&#xE34;&#xE25;&#xE2E;&#xE31;&#xE25;&#xE40;&#xE17;&#xE2D;&#xE23;&#xE4C;, &#xE40;&#xE14;&#xE27;&#xE34;&#xE14;.</subfield>
    <subfield code="9">57816</subfield>
  </datafield>
  <datafield tag="245" ind1="1" ind2="0">
    <subfield code="a">The art of statistics :</subfield>
    <subfield code="b">learning from data /</subfield>
    <subfield code="c">David Spiegelhalter ; &#xE2A;&#xE38;&#xE19;&#xE31;&#xE19;&#xE17;&#xE32; &#xE27;&#xE23;&#xE23;&#xE13;&#xE2A;&#xE34;&#xE19;&#xE18;&#xE4C; &#xE40;&#xE1A;&#xE25;, &#xE41;&#xE1B;&#xE25;.</subfield>
  </datafield>
  <datafield tag="246" ind1="1" ind2="4">
    <subfield code="a">&#xE40;&#xE17;&#xE48;&#xE32;&#xE17;&#xE31;&#xE19;&#xE02;&#xE49;&#xE2D;&#xE21;&#xE39;&#xE25;&#xE17;&#xE25;&#xE32;&#xE22;&#xE01;&#xE33;&#xE41;&#xE1E;&#xE07;&#xE15;&#xE31;&#xE27;&#xE40;&#xE25;&#xE02;&#xE14;&#xE49;&#xE27;&#xE22;&#xE28;&#xE32;&#xE2A;&#xE15;&#xE23;&#xE4C;&#xE41;&#xE25;&#xE30;&#xE28;&#xE34;&#xE25;&#xE1B;&#xE4C;&#xE41;&#xE2B;&#xE48;&#xE07;&#xE2A;&#xE16;&#xE34;&#xE15;&#xE34;.</subfield>
  </datafield>
  <datafield tag="250" ind1=" " ind2=" ">
    <subfield code="a">&#xE1E;&#xE34;&#xE21;&#xE1E;&#xE4C;&#xE04;&#xE23;&#xE31;&#xE49;&#xE07;&#xE17;&#xE35;&#xE48; 1.</subfield>
  </datafield>
  <datafield tag="260" ind1=" " ind2=" ">
    <subfield code="a">&#xE01;&#xE23;&#xE38;&#xE07;&#xE40;&#xE17;&#xE1E;&#xE2F; :</subfield>
    <subfield code="b">&#xE1A;&#xE38;&#xE4A;&#xE04;&#xE2A;&#xE40;&#xE04;&#xE1B;,</subfield>
    <subfield code="c">2564.</subfield>
  </datafield>
  <datafield tag="300" ind1=" " ind2=" ">
    <subfield code="a">431 &#xE2B;&#xE19;&#xE49;&#xE32; :</subfield>
    <subfield code="b">&#xE20;&#xE32;&#xE1E;&#xE1B;&#xE23;&#xE30;&#xE01;&#xE2D;&#xE1A;, &#xE15;&#xE32;&#xE23;&#xE32;&#xE07; ;</subfield>
    <subfield code="c">21 &#xE0B;&#xE21;.</subfield>
  </datafield>
  <datafield tag="650" ind1=" " ind2="4">
    <subfield code="9">11430</subfield>
    <subfield code="a">&#xE2A;&#xE16;&#xE34;&#xE15;&#xE34;</subfield>
  </datafield>
  <datafield tag="650" ind1=" " ind2="4">
    <subfield code="9">11429</subfield>
    <subfield code="a">&#xE04;&#xE13;&#xE34;&#xE15;&#xE28;&#xE32;&#xE2A;&#xE15;&#xE23;&#xE4C;&#xE2A;&#xE16;&#xE34;&#xE15;&#xE34;</subfield>
  </datafield>
  <datafield tag="700" ind1="1" ind2=" ">
    <subfield code="9">57818</subfield>
    <subfield code="a">Spiegelhalter, David</subfield>
  </datafield>
  <datafield tag="700" ind1="0" ind2=" ">
    <subfield code="9">22071</subfield>
    <subfield code="a">&#xE2A;&#xE38;&#xE19;&#xE31;&#xE19;&#xE17;&#xE32; &#xE27;&#xE23;&#xE23;&#xE13;&#xE2A;&#xE34;&#xE19;&#xE18;&#xE4C; &#xE40;&#xE1A;&#xE25; </subfield>
  </datafield>
  <datafield tag="850" ind1=" " ind2=" ">
    <subfield code="a">NALT</subfield>
  </datafield>
  <datafield tag="942" ind1=" " ind2=" ">
    <subfield code="2">lcc</subfield>
    <subfield code="c">GB</subfield>
  </datafield>
  <datafield tag="998" ind1=" " ind2=" ">
    <subfield code="c">103</subfield>
    <subfield code="b">phon</subfield>
    <subfield code="j">111</subfield>
    <subfield code="k"> &#xE19;&#xE32;&#xE07;&#xE2A;&#xE32;&#xE27;&#xE1E;&#xE08;&#xE1E;&#xE34;&#xE13;  &#xE1E;&#xE23;&#xE21;&#xE40;&#xE2D;&#xE35;&#xE48;&#xE22;&#xE21;</subfield>
  </datafield>
  <datafield tag="999" ind1=" " ind2=" ">
    <subfield code="c">99979</subfield>
    <subfield code="d">99979</subfield>
  </datafield>
  <datafield tag="952" ind1=" " ind2=" ">
    <subfield code="0">0</subfield>
    <subfield code="1">0</subfield>
    <subfield code="2">lcc</subfield>
    <subfield code="4">0</subfield>
    <subfield code="7">0</subfield>
    <subfield code="8">CGBL</subfield>
    <subfield code="a">NALT</subfield>
    <subfield code="b">NALT</subfield>
    <subfield code="c">GEN</subfield>
    <subfield code="d">2022-04-21</subfield>
    <subfield code="e">1</subfield>
    <subfield code="l">2</subfield>
    <subfield code="m">2</subfield>
    <subfield code="o">QA 276.12 &#xE0A;161&#xE14; 2564</subfield>
    <subfield code="p">3961212688</subfield>
    <subfield code="r">2022-10-17 00:00:00</subfield>
    <subfield code="s">2022-10-03</subfield>
    <subfield code="t">&#xE09;.1</subfield>
    <subfield code="w">2022-04-21</subfield>
    <subfield code="y">GB</subfield>
  </datafield>
  <datafield tag="952" ind1=" " ind2=" ">
    <subfield code="0">0</subfield>
    <subfield code="1">0</subfield>
    <subfield code="2">lcc</subfield>
    <subfield code="4">0</subfield>
    <subfield code="7">0</subfield>
    <subfield code="8">CGBL</subfield>
    <subfield code="a">NALT</subfield>
    <subfield code="b">NALT</subfield>
    <subfield code="c">GEN</subfield>
    <subfield code="d">2022-04-21</subfield>
    <subfield code="e">1</subfield>
    <subfield code="l">2</subfield>
    <subfield code="m">2</subfield>
    <subfield code="o">QA 276.12 &#xE0A;161&#xE14; 2564</subfield>
    <subfield code="p">3961212689</subfield>
    <subfield code="r">2024-10-09 00:00:00</subfield>
    <subfield code="s">2024-09-24</subfield>
    <subfield code="t">&#xE09;.2</subfield>
    <subfield code="w">2022-04-21</subfield>
    <subfield code="y">GB</subfield>
  </datafield>
</record>
